|
|
|
|
| LEADER |
00000naa2a2200000 4500 |
| 001 |
206275 |
| 005 |
20231031190713.0 |
| 035 |
|
|
|a (RuTPU)RU\TPU\book\224849
|
| 035 |
|
|
|a RU\TPU\book\224834
|
| 090 |
|
|
|a 206275
|
| 100 |
|
|
|a 20111229d2002 k y0rusy50 ca
|
| 101 |
0 |
|
|a rus
|
| 102 |
|
|
|a RU
|
| 200 |
1 |
|
|a Роль выпускников-редкометальщиков геологоразведочного факультета Томского политехнического института в формировании сырьевой базы урана Восточной Сибири
|f В. И. Медведев, Л. Д. Чирцов
|
| 320 |
|
|
|a Библиогр.: 2 назв.
|
| 463 |
|
1 |
|0 (RuTPU)RU\TPU\book\45207
|t Визитная карточка кафедры полезных ископаемых и геохимии редких элементов Томского Политехнического Университета
|f Томский политехнический университет
|v С. 81-86
|d 2002
|p 110 с.
|
| 610 |
1 |
|
|a труды учёных ТПУ
|
| 700 |
|
1 |
|a Медведев
|b В. И.
|
| 701 |
|
1 |
|a Чирцов
|b Л. Д.
|
| 801 |
|
1 |
|a RU
|b 63413507
|c 20111229
|
| 801 |
|
2 |
|a RU
|b 63413507
|c 20111229
|g RCR
|
| 942 |
|
|
|c BK
|